000 00854nam a22002057a 4500
999 _c19462
_d19462
003 AR-CdUCM
008 190517b ||||| |||| 00| 0 spa d
040 _aMUNICIPALIDAD PROVINCIAL DEL CUSCO
_cBIBLIOTECA MUNICIPAL DEL CUSCO
082 _a943.95 /
_bB75
245 _aBosnia y Herzegovina /
260 _aSarajevo :
_bSecretaria de informaciones del consejo ejecutivo de la asamblea de la república socialista de Bosnia Herzegovina,
_c1974.
300 _bLaminas fotográficas,
_c24 cm .
505 _aContenido :Pueblos de Bosnia y Herzegobina /
650 _aBosnia
_940798
650 _aHerzegobina
_940799
650 _aRepública socialista
_940800
710 _aSecretaria de informaciones del consejo ejecutivo de la asamblea de la república socialista de Bosnia y Herzegovina,
_940801
942 _2ddc
_cLIBROS
945 _arjall
_d2019-05-17